000 00730nam a22002172 4500
001 0000021073
005 20151021152606.0
008 120110s xx 000 0 eng d
020 _a8173815623 :
040 _aKABU
_cKABU
100 1 _aBasu, B. K.
_@0000181742
245 1 0 _aLectures on management accountancy :
_bprinciples, system, and practice; a textbook on management accountancy /
_cB. K. Basu.
250 _aRev. ed.
260 _aNew Delhi :
_bNew Central Book Agency,
_c2008.
300 _axxiv, 1101 p.
650 0 _aAccounting.
_@0000148321
650 0 _aManagerial accounting.
_@0000151472
852 1 _9p1500 KES
908 _a120110
950 _@1
999 _c1653
_d1653